00770cam a22002651 4500001001300000003000400013005001700017008004100034010001700075025001900092035001900111040001800130042001200148050001700160082001500177100002900192245005500221250001400276260003900290300001900329490006900348504003200417600003800449999001700487sa 66007087 DLC20260227112301.0810529s1965 ii b 000 0 eng  asa 66007087  aPL480:I-E-6201 a(OCoLC)7457049 aDLCcNICdDLC apremarc00aPK1725b.S65 a891.4485091 aSrinivasa Iyengar, K. R.00aRabindranath Tagorec[by] K. R. Srinivasa Iyengar. a[1st ed.] aBombay,bPopular Prakashanc[1965] a110 p.c22 cm.0 aThe Literary criterion publications on Indian men of letters,v1 aBibliography: p. [107]-110.10aTagore, Rabindranath,d1861-1941. c70915d70915